Statistics for Africa Geography by Letter - E

Click here to take the quiz!

General Stats

  • This quiz has been taken 166 times
  • The average score is 8 of 20

Answer Stats

HintAnswer% Correct
Country known for its ancient pyramidsEgypt
99%
In ancient times this was one of the first countries to make Christianity the state religionEthiopia
98%
Largest land animal in the worldelephant
97%
0 degrees latitude which divided the Northern and Southern HemispheresEquator
97%
Country which gained independence from the above in 1993Eritrea
97%
Country which is the only absolute monarchy in AfricaEswatini
88%
Country which consists of Rio Muni on the mainland, and the islands of Bioko and AnnabonEquatorial Guinea
86%
Coastal province of South AfricaEastern Cape
37%
One of the largest cities in the above provinceEast London
30%
City in Nigeria known as the capital of IgbolandEnugu
23%
Political and economic union of states in West AfricaEconomic Community of West African States
16%
A proposed united country consisting of DR Congo, Tanzania, Kenya, Burundi, Rwanda, South Sudan, and UgandaEast African Federation
15%
Large park in Namibia home to animals such as lions, rhinoceroses, and zebrasEtosha National Park
12%
Smallest of the main Canary Islands, where a volcano erupted in 2011El Hierro
11%
Zulu and Xhosa name for JohannesburgeGoli
5%
City which is an important transportation hub in SudanEl-Obeid
5%
Ancient port town in the Puntland region of SomaliaEyl
5%
Extinct shield volcano on the border of Uganda and KenyaMount Elgon
5%
Large South African municipality that is a suburb of JohannesburgEkurhuleni
3%
City in Upper Egypt known for its ancient templeEsna
3%

Score Distribution

Percentile by Number Answered

Percent of People with Each Score

Your Score History

You have not taken this quiz